00461 2200169 4500001002100000005001500021035002000036245006500056100002700121300002600148260004400174082001000218084001600228020001800244600001200262990001700274INLIS00000000000143920260416013718 a0010-04260000231 aKisah Dongeng Timun Emas & Buto Ijo /cYudhistira Ikranegara0 aIkranegara, Yudhistira a128 hlm ;c16 X 24 cm a- :bPT. Global Offset Sejahtera,c2023 a398.2 a398.2 IKR k a9786067007602 4aDongeng a4797/PP/2026